Electrons, elements, and compounds (Record no. 20034)

000 -LEADER
fixed length control field 00465nam a22001811 4500
001 - CONTROL NUMBER
control field 20034
003 - CONTROL NUMBER IDENTIFIER
control field BD-DhUET
008 - FIXED-LENGTH DATA ELEMENTS--GENERAL INFORMATION
fixed length control field 730122s1959 xx 000 0 eng
040 ## - CATALOGING SOURCE
Original cataloging agency DLC
Transcribing agency DLC
Modifying agency BD-DhUET
082 ## - DEWEY DECIMAL CLASSIFICATION NUMBER
Classification number 540
Item number HUT/1959
100 ## - MAIN ENTRY--PERSONAL NAME
Personal name Hutchinson, Eric
245 10 - TITLE STATEMENT
Title Electrons, elements, and compounds
250 ## - EDITION STATEMENT
Edition statement 1st ed.
260 ## - PUBLICATION, DISTRIBUTION, ETC. (IMPRINT)
Place of publication, distribution, etc. London
Name of publisher, distributor, etc. W. B. Saunders
Date of publication, distribution, etc. 1959
300 ## - PHYSICAL DESCRIPTION
Extent xiii, 552 p.
650 #0 - SUBJECT ADDED ENTRY--TOPICAL TERM
Topical term or geographic name as entry element Chemistry, Physical and theoretical
942 ## - ADDED ENTRY ELEMENTS (KOHA)
Koha item type General Book
Holdings
Piece designation (barcode) Koha date last seen Location (home branch) Lost status Date acquired Koha item type Koha normalized classification for sorting Withdrawn status Not for loan Price effective from Source of classification or shelving scheme Shelving location Koha full call number Sublocation or collection (holding branch) Damaged status Copy number
66332015-04-09Central Library, BUET 2015-04-09General Book540_000000000000000_HUT_1959  2015-04-09 Circulation section540/HUT/1959Central Library, BUET 1
12502015-04-09Central Library, BUET 2015-04-09General Book540_000000000000000_HUT_1959  2015-04-09 Circulation section540/HUT/1959Central Library, BUET 2